Statistics for Top 10 Countries in: Rainfall

Click here to take the quiz!

General Stats

  • This quiz has been taken 107 times
  • The average score is 5 of 10

Answer Stats

mmCountry% Correct
2,711Indonesia
84%
2,881Malaysia
66%
3,235Colombia
59%
2,921Costa Rica
58%
2,930Panama
56%
3,145Papua New Guinea
44%
2,663Bangladesh
35%
2,731Brunei
34%
3,032Solomon Islands
21%
3,212Sao Tome and Principe
13%

Score Distribution

Percentile by Number Answered

Percent of People with Each Score

Your Score History

You have not taken this quiz